000 00379 a2200169 4500
001 190121
020 _a85-04-00701-4
040 _cMagnum
100 _aCavalcanti, Lailson de Holanda
240 1 0 _aPindorama
_lpor
245 1 0 _aPindorama
300 _a186
362 0 _a2004
440 1 _aCompanhia Editora Nacional
697 _aLITERATURA INFANTO-JUVENIL
942 _cBK
999 _c190121
_d190121